| 000 | 00878nam a22002055i 4500 | ||
|---|---|---|---|
| 001 | 152445 | ||
| 003 | ES-MaACL | ||
| 005 | 20230906204741.0 | ||
| 008 | 051013s1872 fr | |||||||| ||fre d | ||
| 040 |
_aCAM _bspa _cCAM |
||
| 100 | 0 |
_aBossert, Adolphe. _930714 |
|
| 245 | 1 | 0 |
_aGoethe _b: ses précurseurs et ses contemporains ...;avec un discours sur les caractères de la littérature classique en Allemagne / _cpar A. Bossert. |
| 260 |
_aParis : _bLibrairie Hachette et Cie., _c1872 ( _eCorbeil : _fImp. de Crété Fils) |
||
| 300 |
_aXXV, 294 p. ; _c22 cm. |
||
| 490 | 1 | _aCours de litterature allemande fait a La Sorbonne | |
| 600 | 1 | 4 |
_aGoethe, Johann Wolfgang von, _d1749-1832- _xCrítica e interpretación _957571 |
| 830 | 0 |
_aCours de litterature allemande fait a La Sorbonne _9221328 |
|
| 852 |
_aES-MaACL _jD-4607 _z-- Enc. hol. |
||
| 999 |
_c152445 _d152445 |
||